Bệnh ở lợn nái và lợn con
Sách cung cấp những hiểu biết thiết thực ứng dụng để bảo vệ sức khỏe cho lợn nái và lợn con, cũng như chẩn đoán điều trị một số bệnh thường gặp ở chúng như những bệnh do trao đổi chất và bệnh có nguyên nhân tổng hợp, những bệ...
محفوظ في:
| المؤلف الرئيسي: | |
|---|---|
| التنسيق: | كتاب |
| اللغة: | Undetermined |
| منشور في: |
Hà Nội
Nông Nghiệp
1999
|
| الموضوعات: | |
| الوسوم: |
إضافة وسم
لا توجد وسوم, كن أول من يضع وسما على هذه التسجيلة!
|
| Thư viện lưu trữ: | Trung tâm Học liệu Trường Đại học Cần Thơ |
|---|
| LEADER | 01137nam a2200205Ia 4500 | ||
|---|---|---|---|
| 001 | CTU_37412 | ||
| 008 | 210402s9999 xx 000 0 und d | ||
| 020 | |b 23.000đ | ||
| 082 | |a 636.4 | ||
| 082 | |b B256/1999 | ||
| 100 | |a Đào Trọng Đạt...[et al.] | ||
| 245 | 0 | |a Bệnh ở lợn nái và lợn con | |
| 245 | 0 | |c Đào Trọng Đạt...[et al.] | |
| 260 | |a Hà Nội | ||
| 260 | |b Nông Nghiệp | ||
| 260 | |c 1999 | ||
| 520 | |a Sách cung cấp những hiểu biết thiết thực ứng dụng để bảo vệ sức khỏe cho lợn nái và lợn con, cũng như chẩn đoán điều trị một số bệnh thường gặp ở chúng như những bệnh do trao đổi chất và bệnh có nguyên nhân tổng hợp, những bệnh do vi khuẩn, virus, ký sinh trùng sinh ra, những bệnh sinh sản ở lợn nái và bệnh ngoại khoa ở lợn con | ||
| 650 | |a domestic animals,swine - diseases,swine breeds | ||
| 904 | |i Minh, 000726 | ||
| 980 | |a Trung tâm Học liệu Trường Đại học Cần Thơ | ||